A fine daughter : a novel /

Bibliographic Details
Main Author: Simmons Niven, Catherine, 1957-
Format: Book
Language:English
Published: Red Deer, Alta. : Red Deer College Press, 1999.
Subjects:

MARC

Tag First Indicator Second Indicator Subfields
LEADER 00000cam a22000008a 4500
001 in00001513708
005 20151021111014.0
008 990119s1999 abc 000 0 eng d
010 |a cn 99910092  
015 |a C99-910092-0 
020 |a 0889951926 :  |c $16.95 
035 |a (OCoLC)40735338 
035 |9 AJL6628AM 
040 |a CaBVAU  |b eng  |c NLC  |d QUE  |d WSU  |d TXA  |d UtOrBLW 
049 |a TXAM 
055 0 3 |a PS8577 I93  |b F56 1999 
082 0 0 |a C813/.54  |2 21 
090 |a PR9199.3.N49  |b F56 1999 
100 1 |a Simmons Niven, Catherine,  |d 1957- 
245 1 2 |a A fine daughter :  |b a novel /  |c Catherine Smmons Niven. 
263 |a 9905 
264 1 |a Red Deer, Alta. :  |b Red Deer College Press,  |c 1999. 
300 |a 238 pages ;  |c 19 cm. 
336 |a text  |b txt  |2 rdacontent 
337 |a unmediated  |b n  |2 rdamedia 
338 |a volume  |b nc  |2 rdacarrier 
650 0 |a Unmarried mothers  |z Alberta  |v Fiction. 
650 0 |a Single women  |z Alberta  |v Fiction. 
650 0 |a Mothers and daughters  |z Alberta  |v Fiction. 
650 0 |a Man-woman relationships  |z Alberta  |v Fiction. 
650 0 |a Cities and towns  |v Fiction. 
651 0 |a Alberta  |v Fiction. 
655 7 |a Domestic fiction.  |2 lcgft 
948 |a c:bh 
999 |a MARS 
999 f f |s 95fc40cf-1377-3824-9a00-d5bf5d098a68  |i ef9afd8d-f362-3ab0-9843-f978779aa0c5  |t 0 
952 f f |p normal  |a Texas A&M University  |b College Station  |c Sterling C. Evans Library  |d Evans: Library Stacks  |t 0  |e PR9199.3.N49 F56 1999  |h Library of Congress classification  |i unmediated -- volume  |m A14825331237 
998 f f |a PR9199.3.N49 F56 1999  |t 0  |l Evans: Library Stacks